dates IIIème République dans les années 30 - Statistiques

Statistiques générales
  • Ce quiz a été pris 13 fois
  • Le résultat moyen est 3 sur 10
Statistiques - réponses
Événements Dates % Correct
Congrès de Tours ; création SFIC (marque division gauche communiste et non communiste) 1920
90%
Fr touchée par la crise 1931
70%
assassinat Paul Doumer et élection Albert Lebrun à la présidence de la République 1932
50%
vague d’assassinats menés par la Cagoule 1937
40%
crise et création FP 6 février 193
20%
krach boursier à Wall Street octobre 1929
20%
accords de Munich 29-30 septembre 1938
10%
plan Young (réparation 1GM) juin 1929
10%
signature des accords de Matigno 7 juin 1936
0%
guerre d’Espagne juillet 1936 - 1939
0%
Aucun quiz correspondant
Distribution des résultats
% des personnes avec chaque résultat
Percentile par nombre de réponses
Votre historique - résultats
Vous n’avez pas pris ce quiz